Reunión del Patronato de las ruinas y Museo de Ampurias
Publicado:
San Jorge, núm. 82 (2n trimestre 1971), pàg 58 :
MARC
| LEADER | 00000nam a2200000Ia 4500 | ||
|---|---|---|---|
| 001 | |||
| 008 | 160829s9999 xx 000 0 cat d | ||
| 245 | |a Reunión del Patronato de las ruinas y Museo de Ampurias | ||
| 260 | |a San Jorge, núm. 82 (2n trimestre 1971), pàg 58 | ||
| 610 | 2 | 0 | |a Patronat Interprovincial de les Excavacions i Museu d'Empúries |9 53912 |
| 651 | 0 | |a Empúries (Ciutat antiga) |9 54667 | |
| 901 | |a Arxiu | ||
| 942 | |n 1 | ||
| 952 | |0 0 |1 0 |4 0 |7 1 |9 50433 |a Arxiu |b Arxiu |d 2016-12-01 |l 0 |r 2016-12-01 00:00:00 |w 2016-12-01 |y ARXIU | ||
| 999 | |c 54275 |d 54275 | ||